| 000 | 00683nam a2200253 i 4500 | ||
|---|---|---|---|
| 001 | 17250 | ||
| 003 | ES-MaACL | ||
| 005 | 20230906151531.0 | ||
| 007 | t| | ||
| 008 | 010123s1997 sp ||||0| spa j | ||
| 020 | _a84-350-0857-6 | ||
| 040 |
_aM-BN _bspa _cM-BN |
||
| 080 | _a821.111(73)-31"19" | ||
| 100 | 1 |
_aSalinger, J. D. _9101958 |
|
| 245 | 1 | 3 |
_aEl guardián entre el centeno / _cJ. D. Salinger. |
| 250 | _a1ª ed. | ||
| 260 |
_aBarcelona : _bEdhasa, _c1990 ( _gimp. 1997) |
||
| 300 |
_a274 p. ; _c20 cm. |
||
| 490 | 1 | _aNovela (Edhasa | |
| 830 | 0 |
_aNovela (Edhasa _9123333 |
|
| 852 |
_aES-MaACL _jL-24112 _bR.129408 |
||
| 999 |
_c17250 _d17250 |
||